[Event "GRE-ch U16 Girls"]
[Site "Greece"]
[Date "2014.07.09"]
[Round "6"]
[White "Rigatou, Vasiliki"]
[Black "Gliagia, Stergiani"]
[Result "1/2-1/2"]
[WhiteElo "1129"]
[BlackElo "1381"]
[PlyCount "81"]
[EventDate "2014.07.04"]
[EventType "swiss"]
[EventRounds "9"]
[EventCountry "GRE"]
[SourceTitle "EXT 2017"]
[Source "ChessBase"]
[SourceDate "2016.10.25"]
[SourceVersion "1"]
[SourceVersionDate "2016.10.25"]
[SourceQuality "1"]

1. d4 d5 2. Nf3 Nf6 3. c4 e6 4. g3 Nbd7 5. Bg2 b6 6. 0-0 Bb7 7. Nbd2 c5 8. cxd5 Bxd5 9. dxc5 Bxc5 10. Re1 Ng4 11. e3 Qf6 12. h3 Nge5 13. Qe2 0-0 14. Kh1 Bb4 15. e4 Bb7 16. Nxe5 Nxe5 17. f4 Ng6 18. a3 Bxd2 19. e5 Bxg2+ 20. Qxg2 Qf5 21. Bxd2 Qc2 22. Bb4 Qxg2+ 23. Kxg2 Rfc8 24. Rac1 h6 25. Rc3 Rxc3 26. Bxc3 Ne7 27. Bb4 Nd5 28. Bd6 Rc8 29. Re2 Rd8 30. Kf3 Kh7 31. Rc2 Kg6 32. g4 f6 33. Ke4 Kf7 34. f5 Rd7 35. Rc8 Ne7 36. fxe6+ Kxe6 37. Re8 Kf7 38. Rxe7+ Rxe7 39. Bxe7 Kxe7 40. exf6+ Kxf6 41. Kf4 1/2-1/2